মুক্তিযুদ্ধে সোভিয়েত বন্ধুরা / (Record no. 39487)
[ view plain ]
| 000 -LEADER | |
|---|---|
| fixed length control field | 01056nam a2200241 a 4500 |
| 001 - CONTROL NUMBER | |
| control field | 39487 |
| 003 - CONTROL NUMBER IDENTIFIER | |
| rucl marc code | BD-RjUL |
| 005 - DATE AND TIME OF LATEST TRANSACTION | |
| control field | 20211209053012.0 |
| 008 - FIXED-LENGTH DATA ELEMENTS--GENERAL INFORMATION | |
| fixed length control field | 160411s2013 bg ||||| |||| 00| 0 ben d |
| 020 ## - INTERNATIONAL STANDARD BOOK NUMBER | |
| International Standard Book Number | 9789849025436 |
| Terms of availability | : Tk 400.00 |
| 035 ## - SYSTEM CONTROL NUMBER | |
| System control number | (BD-RjUL)39600 |
| 040 ## - CATALOGING SOURCE | |
| Original cataloging agency | BD-RjUL |
| Language of cataloging | ben |
| Transcribing agency | BD-RjUL |
| 041 ## - LANGUAGE CODE | |
| Language code of text/sound track or separate title | ben |
| 082 ## - DEWEY DECIMAL CLASSIFICATION NUMBER | |
| Edition number | 23 |
| Classification number | 327.4705492 |
| Author mark and year | FEM 2013 |
| 100 ## - MAIN ENTRY--PERSONAL NAME | |
| Personal name | ফেরদৌস, হাসান. |
| 9 (RLIN) | 121672 |
| 245 10 - TITLE STATEMENT | |
| Title | মুক্তিযুদ্ধে সোভিয়েত বন্ধুরা / |
| Statement of responsibility, etc. | হাসান ফেরদৌস. |
| 260 ## - PUBLICATION, DISTRIBUTION, ETC. (IMPRINT) | |
| Place of publication, distribution, etc. | ঢাকা : |
| Name of publisher, distributor, etc. | প্রথমা প্রকাশন, |
| Date of publication, distribution, etc. | ২০১৩. |
| 300 ## - PHYSICAL DESCRIPTION | |
| Pagination | ২৭২ পৃ. ; |
| Size | ২২ সেমি. |
| 504 ## - BIBLIOGRAPHY, ETC. NOTE | |
| Bibliography, etc | সহায়ক গ্রন্থ সংযুক্ত. |
| 651 ## - SUBJECT ADDED ENTRY--GEOGRAPHIC NAME | |
| Geographic name | Bangladesh |
| General subdivision | Foreign relations |
| Geographic subdivision | soviet Union |
| 9 (RLIN) | 121758 |
| Geographic name | বাংলাদেশ- বৈদেশিক সম্পর্ক |
| General subdivision | বৈদেশিক সম্পর্ক |
| Geographic subdivision | সোভিয়েত ইউনিয়ন |
| 9 (RLIN) | 121950 |
| 942 ## - ADDED ENTRY ELEMENTS (KOHA) | |
| Source of classification or shelving scheme | Dewey Decimal Classification |
| Koha item type | Books |
| Lost status | Source of classification or shelving scheme | Damaged status | Not for loan | Collection code | Permanent Location | Current Location | Shelving location | Date acquired | Source of acquisition | Cost, normal purchase price | Total Checkouts | Full call number | Date last seen | Copy number | Koha item type | Date checked out |
|---|---|---|---|---|---|---|---|---|---|---|---|---|---|---|---|---|
| Dewey Decimal Classification | Not For Loan | Non-fiction | Central Library, University of Rajshahi | Central Library, University of Rajshahi | Reading Room | 02/02/2014 | Prothoma Prokashon, Dhaka | 400.00 | B 327.4705492 FEM 2013 | 11/04/2016 | C-1 | Books | ||||
| Dewey Decimal Classification | Non-fiction | Central Library, University of Rajshahi | Central Library, University of Rajshahi | 02/02/2014 | Prothoma Prokashon, Dhaka | 400.00 | B 327.4705492 FEM 2013 | 11/04/2016 | C-2 | Books | ||||||
| Dewey Decimal Classification | Non-fiction | Central Library, University of Rajshahi | Central Library, University of Rajshahi | 02/02/2014 | Prothoma Prokashon, Dhaka | 400.00 | 3 | B 327.4705492 FEM 2013 | 22/01/2019 | C-3 | Books | 28/11/2018 |